Cat goes fishing secret fish by pictures. - Statistics

General Stats
  • This quiz has been taken 29 times
  • The average score is 7 of 7
Answer Stats
Picture Answer % Correct
Airy
100%
Underfin
100%
Forebearer
95%
Maskfish
95%
Treat
95%
Elder Orwellian
89%
Noxius
89%
No matching quizzes found
Score Distribution
Percent of People with Each Score
Percentile by Number Answered
Your Score History
You have not taken this quiz